Gaming Quiz

Random Gaming or Clickable Quiz

Path of Exile Unique Jewels Quiz Stats

 Plays Quiz not verified by Sporcle

Challenge
Share
Tweet
Embed
Score 0/75 Timer 20:00
0 Plays Today
% Correct
Grand Spectrum (Crimson)
100%
Intuitive Leap
100%
Apparitions
66.7%
Assassin's Haste
66.7%
Brawn
66.7%
Brute Force Solution
66.7%
Cheap Construction
66.7%
Coated Shrapnel
66.7%
Conqueror's Efficiency
66.7%
Conqueror's Longevity
66.7%
Conqueror's Potency
66.7%
Eldritch Knowledge
66.7%
Emperor's Cunning
66.7%
Emperor's Mastery
66.7%
Emperor's Might
66.7%
Emperor's Wit
66.7%
Energised Armour
66.7%
Energy From Within
66.7%
Fertile Mind
66.7%
Fireborn
66.7%
Fluid Motion
66.7%
Fragile Bloom
66.7%
Grand Spectrum (Viridian)
66.7%
Healthy Mind
66.7%
Hidden Potential
66.7%
Hotfooted
66.7%
Izaro's Turmoil
66.7%
Lioneye's Fall
66.7%
Poacher's Aim
66.7%
Rain of Splinters
66.7%
Static Electricity
66.7%
Spire of Stone
66.7%
Survival Secrets
66.7%
Unstable Payload
66.7%
Warlord's Reach
66.7%
Brittle Barrier
66.7%
Fragility
66.7%
Hungry Abyss
66.7%
% Correct
Powerlessness
66.7%
Pacifism
66.7%
Sacrificial Harvest
66.7%
Self-Flagellation
66.7%
Anatomical Knowledge
33.3%
Clear Mind
33.3%
Cold Steel
33.3%
Fortified Legion
33.3%
Grand Spectrum (Cobalt)
33.3%
Inertia
33.3%
Inspired Learning
33.3%
Malicious Intent
33.3%
Mantra of Flames
33.3%
Martial Artistry
33.3%
Might in All Forms
33.3%
Reckless Defence
33.3%
Survival Instincts
33.3%
Survival Skills
33.3%
Ancient Waystones
33.3%
Atziri's Reign
33.3%
Blood Sacrifice
33.3%
Chill of Corruption
33.3%
Corrupted Energy
33.3%
Vaal Sentencing
33.3%
Weight of Sin
33.3%
Careful Planning
0%
Efficient Training
0%
Hair Trigger
0%
Pugilist
0%
Combustibles
0%
Fevered Mind
0%
Mutated Growth
0%
From Dust
0%
To Dust
0%
Pure Talent
0%
Soul's Wick
0%
Watcher's Eye
0%

You're not logged in!

Compare scores with friends on all Sporcle quizzes.
Join for Free
OR
Log In

You Might Also Like...

Show Comments

Extras

Top Quizzes Today


Score Distribution

Your Account Isn't Verified!

In order to create a playlist on Sporcle, you need to verify the email address you used during registration. Go to your Sporcle Settings to finish the process.

Report this User

Report this user for behavior that violates our Community Guidelines.

Details: